000
00284nam a2200121Ia 4500
008
190216s9999||||xx |||||||||||||| ||und||
100
_a
Udaya Sankar
245
0
_a
Nadappuninam - Kalikalakathakal
260
_b
Current Books
_c
1993
300
_a
74
650
_a
Kathakal
942
_c
BK
999
_c
30363
_d
30363